| 000 | 00723nam a2200205 a 4500 | ||
|---|---|---|---|
| 005 | 20240612064002.0 | ||
| 008 | 991125s1987 mx 000 0 spa u | ||
| 020 | _a9688002267 | ||
| 035 | _aUPN01000123316 | ||
| 049 | _aLTG | ||
| 050 | 4 |
_aLB1582 M6 _bB8 |
|
| 245 | 0 | 0 |
_aBaja California Sur : _bverdes oasis junto a un mar de perlas : monografía estatal. |
| 260 |
_aMéxico : _bSEP, Comisión Nacional de los Libros de Texto Gratuitos, _c1987. |
||
| 300 |
_a244 p. : _bil. col. |
||
| 500 | _a"Libro de texto gratuito" | ||
| 650 | 4 |
_aHistoria _xEstudio y enseñanza (Elemental) _92803 |
|
| 651 | 7 |
_aBaja California Sur _xDescripción y viajes _2 _94172 |
|
| 651 | 7 |
_aBaja California Sur _xHistoria _2 _98640 |
|
| 905 | _aLibro | ||
| 999 |
_c95497 _d95497 |
||